000 00496nam a22001817a 4500
005 20260408140352.0
008 260408b |||||||| |||| 00| 0 eng d
037 _cDSWL
040 _aDSWL
_cDSWL
041 _heng
100 _aSandel, Michael J
245 _aJustice: What's the right thing to do?
260 _aNew Delhi,
_bPenguin Publication,
_c2010
300 _a308p
365 _aINR
_b499
942 _2CC
_cTEXL
_n0
999 _c1848106
_d1848106